[Event "11. Volme-Open 2017 (A)"]
[Site "?"]
[Date "2017.09.01"]
[Round "1"]
[White "Kramps, Rene"]
[Black "Browning, Alex"]
[Result "0-1"]
[WhiteElo "2042"]
[BlackElo "2075"]
[PlyCount "50"]
[EventDate "2017.09.01"]
[SourceDate "2017.09.01"]

1. d4 Nf6 2. Nd2 d5 3. e3 g6 4. Bd3 Bg7 5. f4 O-O 6. Ngf3 b6 7. Qe2 c5 8. c3
Bb7 9. O-O Nbd7 10. Ne5 Qc7 11. Qf3 Rad8 12. g4 Ne8 13. Bb5 Nxe5 14. fxe5 f6
15. Bxe8 Rdxe8 16. exf6 Rxf6 17. Qg2 e5 18. Nf3 Ba6 19. Re1 e4 20. Nd2 Ref8 21.
c4 Rf2 22. Qh3 cxd4 23. cxd5 dxe3 24. Nxe4 Rf1+ 25. Rxf1 Rxf1+ 0-1

[Event "11. Volme-Open 2017 (A)"]
[Site "?"]
[Date "2017.09.01"]
[Round "1"]
[White "Burkhardt, Holger"]
[Black "Jansen, Dirk"]
[Result "0-1"]
[WhiteElo "1997"]
[BlackElo "2144"]
[PlyCount "68"]
[EventDate "2017.09.01"]
[SourceDate "2017.09.01"]

1. d4 f5 2. Nc3 Nf6 3. Bg5 d5 4. Qd2 e6 5. f3 Be7 6. Nh3 O-O 7. Nf2 c6 8. e3
Nbd7 9. Be2 e5 10. O-O e4 11. f4 h6 12. Bxf6 Nxf6 13. a4 a5 14. Ncd1 Be6 15.
Kh1 g5 16. Rc1 c5 17. fxg5 hxg5 18. dxc5 Bxc5 19. c3 Qd6 20. Nh3 Nh7 21. Qe1 f4
22. exf4 Bxh3 23. gxh3 gxf4 24. Bg4 Qh6 25. b4 f3 26. Rc2 Bb6 27. c4 axb4 28.
Qxb4 Qc6 29. Nc3 d4 30. Nd5 Bc5 31. Qe1 d3 32. Qxe4 dxc2 33. Be6+ Kg7 34. Qe5+
Kh6 0-1

[Event "11. Volme-Open 2017 (A)"]
[Site "?"]
[Date "2017.09.01"]
[Round "1"]
[White "Windfuhr, Thomas"]
[Black "Kummerow, Heiko"]
[Result "0-1"]
[WhiteElo "1988"]
[BlackElo "2173"]
[PlyCount "98"]
[EventDate "2017.09.01"]
[SourceDate "2017.09.01"]

1. d4 Nf6 2. Nf3 g6 3. g3 Bg7 4. Bg2 O-O 5. O-O d6 6. c4 Nc6 7. Nc3 a6 8. e4
Bg4 9. Be3 Nd7 10. Qd2 Bxf3 11. Bxf3 e5 12. dxe5 dxe5 13. Ne2 Re8 14. Rad1 Nf8
15. Qc3 Qe7 16. Bg4 h5 17. Bh3 Rad8 18. Qc1 Nd4 19. Nc3 c6 20. Kh1 b5 21. cxb5
axb5 22. f3 Nfe6 23. Rf2 Nc5 24. Bf1 Ra8 25. b3 Kh7 26. Kg2 Nce6 27. h4 Qf8 28.
Kh2 Red8 29. Bh3 Nc5 30. Qb1 Rd6 31. Bf1 Rad8 32. Rc1 Bh6 33. f4 exf4 34. Bxf4
Bxf4 35. Rxf4 Nd7 36. e5 Nxe5 37. Ne4 Ng4+ 38. Kh1 R6d7 39. Rc5 f5 40. Ng5+ Kg8
41. Qc1 Qd6 42. b4 Ne6 43. Rxc6 Qd5+ 44. Bg2 Qxa2 45. Rxe6 Rd1+ 46. Rf1 Rxc1
47. Rxg6+ Kh8 48. Rxc1 Qb3 49. Rh6+ Nxh6 0-1

[Event "11. Volme-Open 2017 (B)"]
[Site "?"]
[Date "2017.09.01"]
[Round "1"]
[White "Biermann , Lenhard"]
[Black "Hermaneck , Helmut"]
[Result "1-0"]
[WhiteElo "1892"]
[BlackElo "1963"]
[PlyCount "137"]
[SourceDate "2017.09.01"]

1. d4 Nf6 2. Nf3 g6 3. c4 Bg7 4. Nc3 d6 5. Bf4 Nbd7 6. e3 O-O 7. Be2 a6 8. h3
c5 9. O-O Qb6 10. Na4 Qa5 11. a3 b5 12. cxb5 axb5 13. Nc3 c4 14. a4 b4 15. Nb5
d5 16. Bc7 Qa6 17. b3 Qc6 18. Rc1 c3 19. Ne1 Ba6 20. Bh2 Bxb5 21. Bxb5 Qb6 22.
Nd3 Qa5 23. f3 Rfd8 24. Qe2 Ne8 25. Rfd1 Nd6 26. Bxd6 exd6 27. Bxd7 Rxd7 28.
Ne1 Re7 29. Nc2 Rae8 30. Qd3 Bh6 31. Re1 Qb6 32. Kf1 Re6 33. f4 Qb7 34. Kf2 Rb8
35. g3 Re4 36. Kg2 Qd7 37. Re2 Kh8 38. Rg1 Qf5 39. Rd1 Qe6 40. Kh2 g5 41. Rf1
gxf4 42. gxf4 Qf5 43. Rg2 Qe6 44. Rfg1 Qf5 45. a5 Qd7 46. Nxb4 Qb7 47. Qxc3
Ree8 48. Nc2 Qxb3 49. Qxb3 Rxb3 50. a6 Ra8 51. a7 Rb2 52. Rg8+ Rxg8 53. Rxg8+
Kxg8 54. a8=Q+ Bf8 55. Qc8 h5 56. Kg3 Kg7 57. Qf5 Be7 58. h4 Ra2 59. Qd3 Rb2
60. Ne1 Ra2 61. Nf3 Ra1 62. Qf5 Ra3 63. Qxd5 Rxe3 64. Qxh5 Bf6 65. Kg4 Rd3 66.
Ng5 Bxg5 67. Qxg5+ Kf8 68. Qd8+ Kg7 69. Qxd6 1-0

[Event "11. Volme-Open 2017 (B)"]
[Site "?"]
[Date "2017.09.01"]
[Round "1"]
[White "Biermann, Florian"]
[Black "Tomiczny, Darius"]
[Result "1/2-1/2"]
[WhiteElo "1920"]
[BlackElo "1929"]
[PlyCount "45"]
[SourceDate "2017.09.01"]

1. c4 e5 2. g3 d6 3. Bg2 Nc6 4. Nc3 Be6 5. b3 Qd7 6. e3 g6 7. Bb2 Bg7 8. Nd5
Nd8 9. Ne2 c6 10. Ndc3 Ne7 11. d4 exd4 12. Nxd4 Bh3 13. Bxh3 Qxh3 14. Nde2 Ne6
15. Qd2 O-O-O 16. O-O-O d5 17. cxd5 Nxd5 18. Ne4 Bxb2+ 19. Qxb2 Qf5 20. N2c3
Nxc3 21. Nxc3 b5 22. Qc2 Qxc2+ 23. Kxc2 1/2-1/2

[Event "11. Volme-Open 2017 (B)"]
[Site "?"]
[Date "2017.09.01"]
[Round "1"]
[White "Dolgopoloyj, Vladimir"]
[Black "Pelt, Alexander"]
[Result "0-1"]
[WhiteElo "1856"]
[BlackElo "1982"]
[PlyCount "67"]
[EventDate "2017.09.01"]
[SourceDate "2017.09.01"]

1. e4 Nf6 2. e5 Nd5 3. d4 d6 4. c4 Nb6 5. f4 dxe5 6. fxe5 Nc6 7. Be3 g6 8. Be2
Bg7 9. Nf3 f6 10. e6 Bxe6 11. d5 Nxd5 12. cxd5 Qxd5 13. Nc3 Qxd1+ 14. Rxd1 O-O
15. Nd4 Nxd4 16. Bxd4 Rfd8 17. O-O Bh6 18. b3 Rxd4 19. Nb5 Rxd1 20. Rxd1 Be3+
21. Kf1 Bb6 22. Bf3 c6 23. Na3 Rd8 24. Nc4 Rxd1+ 25. Bxd1 Bc7 26. g3 Bd7 27.
Bf3 e5 28. Ke2 Kf7 29. a4 f5 30. Ke3 b5 31. axb5 cxb5 32. Na3 Bb6+ 33. Kd2 Bg1
34. h3 0-1

[Event "11. Volme-Open 2017 (C)"]
[Site "?"]
[Date "2017.09.01"]
[Round "1"]
[White "Kroo, Julian"]
[Black "Maniocha, Marek"]
[Result "1/2-1/2"]
[WhiteElo "1797"]
[BlackElo "1827"]
[PlyCount "110"]
[SourceDate "2017.09.01"]

1. d4 Nf6 2. Nf3 e6 3. c4 d5 4. g3 c6 5. Bg2 dxc4 6. O-O Be7 7. Ne5 O-O 8. Nxc4
Nbd7 9. Nc3 Nd5 10. e4 Nxc3 11. bxc3 Nb6 12. Qb3 Nxc4 13. Qxc4 Bd7 14. Be3 Qc8
15. Rab1 b5 16. Qe2 Rb8 17. Bf4 Rb6 18. e5 c5 19. Qg4 f5 20. exf6 Bxf6 21. dxc5
Ra6 22. Bd6 Rf7 23. Qe2 Bxc3 24. Rfc1 Bd4 25. Qd3 Bxf2+ 26. Kh1 Bc6 27. Be4 Qb7
28. Rb4 Ra4 29. Rcc4 Rxb4 30. Rxb4 a5 31. Bxc6 Qxc6+ 32. Qe4 Qxe4+ 33. Rxe4 Rf5
34. Rxe6 Kf7 35. Re7+ Kf6 36. Re8 Kg6 37. Rf8 Rxf8 38. Bxf8 Kf7 39. c6 Ke6 40.
Kg2 Bd4 41. Kf3 g6 42. Ke4 Bb6 43. h3 Bc7 44. g4 Bd6 45. Bg7 Bc7 46. Kd4 Kd6
47. Be5+ Kxc6 48. Bxc7 Kxc7 49. Kc5 b4 50. Kb5 Kd6 51. Kxa5 Kc5 52. Ka4 Kc4 53.
Ka5 g5 54. Ka4 Kc5 55. Kb3 Kb5 1/2-1/2

[Event "11. Volme-Open 2017 (C)"]
[Site "?"]
[Date "2017.09.01"]
[Round "1"]
[White "Kölz, Niklas"]
[Black "Galicki, Ryszard"]
[Result "1-0"]
[WhiteElo "1764"]
[BlackElo "1831"]
[PlyCount "73"]
[SourceDate "2017.09.01"]

1. c4 e6 2. d4 f5 3. g3 d5 4. e3 c6 5. Nf3 Bd6 6. c5 Bc7 7. Nc3 Nf6 8. Bd3 O-O
9. b4 a5 10. b5 b6 11. cxb6 Bxb6 12. Ba3 Re8 13. bxc6 Nxc6 14. Bb5 Bd7 15. Na4
Ba7 16. Rc1 Nb4 17. Bxd7 Qxd7 18. Ne5 Qb5 19. Nc3 Qa6 20. Bxb4 axb4 21. Ne2
Rec8 22. O-O Ne4 23. f3 Nd6 24. Qd2 Qa3 25. Rb1 Nc4 26. Nxc4 Rxc4 27. Rb3 Qa4
28. Rfb1 Rb8 29. a3 Qc6 30. Rxb4 Rbxb4 31. Rxb4 Rc2 32. Qd3 g5 33. f4 gxf4 34.
gxf4 Qc7 35. Kf2 Ra2 36. Qb3 Rc2 37. Rb7 1-0

[Event "11. Volme-Open 2017 (C)"]
[Site "?"]
[Date "2017.09.01"]
[Round "1"]
[White "Vishanji , Adrian"]
[Black "Tesche , Wolfram"]
[Result "1/2-1/2"]
[WhiteElo "1802"]
[BlackElo "1818"]
[PlyCount "186"]
[SourceDate "2017.09.01"]

1. e4 c5 2. Nf3 d6 3. d4 cxd4 4. Nxd4 Nf6 5. Nc3 a6 6. Be2 e5 7. Nb3 Be6 8. Bg5
Nbd7 9. O-O h6 10. Bh4 g5 11. Bg3 Rc8 12. h4 Be7 13. Qd2 Rg8 14. hxg5 hxg5 15.
f3 Nh5 16. Bf2 Nf4 17. g3 Nh3+ 18. Kg2 Nxf2 19. Kxf2 Nf6 20. Rh1 b5 21. Rad1
Bc4 22. a4 bxa4 23. Nxa4 g4 24. Bxc4 Rxc4 25. Nc3 gxf3 26. Kxf3 Qc7 27. Qd3 Rc6
28. Ra1 Qc8 29. Ra4 Kf8 30. Na5 Rb6 31. Nc4 Rc6 32. Ne3 Bd8 33. Nf5 a5 34. Nxd6
Qg4+ 35. Kf2 Bb6+ 36. Kg2 Nh5 37. Ne2 Nf4+ 38. Nxf4 exf4 39. Nf5 f3+ 40. Kf1
Qg5 41. Ra1 Qf6 42. c3 Qe5 43. Rd1 Re6 44. Qxf3 Qb5+ 45. Qe2 Qxe2+ 46. Kxe2
Rxe4+ 47. Kf3 Re5 48. g4 Rb5 49. Rh2 Bc7 50. Rhd2 Rb8 51. Rh1 a4 52. Rd7 Be5
53. Rh7 Rg7 54. Nxg7 Bxg7 55. Rh2 a3 56. bxa3 Bxc3 57. Rh7 Bg7 58. Rd3 Ra8 59.
Rh3 Bf6 60. Ke4 Kg7 61. Rh2 Ra4+ 62. Kf3 Kg6 63. Rh5 Be7 64. Rh1 Kg5 65. Rh5+
Kg6 66. Rh2 Kg5 67. Rd5+ Kg6 68. Ra2 Rxa3+ 69. Rxa3 Bxa3 70. Ra5 Bb2 71. Ra2
Bd4 72. Ra6+ Kg5 73. Rd6 Bc3 74. Rd5+ Kg6 75. Kf4 Bb2 76. Rg5+ Kf6 77. Rg8 Bc1+
78. Kg3 Bg5 79. Kh3 Bd2 80. Kh4 Ke7 81. g5 Bc1 82. Kh5 Bb2 83. Kh6 Bc3 84. Rc8
Bb2 85. Kh7 Be5 86. Ra8 Bd4 87. Kg8 Be3 88. Ra5 Bc1 89. Rc5 Bd2 90. Re5+ Kd6
91. Rf5 Ke6 92. Rf6+ Ke5 93. Kxf7 Bxg5 1/2-1/2

[Event "11. Volme-Open 2017 (D)"]
[Site "?"]
[Date "2017.09.01"]
[Round "1"]
[White "Ertelt, Pornchai"]
[Black "Scholz, Sebastian"]
[Result "1-0"]
[WhiteElo "1705"]
[BlackElo "1705"]
[PlyCount "51"]
[SourceDate "2017.09.01"]

1. d4 e6 2. Nf3 b6 3. e3 Bb7 4. Bd3 f5 5. b3 Nf6 6. Bb2 Be7 7. O-O Rg8 8. c4 g5
9. Nc3 g4 10. Nd2 Na6 11. e4 f4 12. e5 Nh5 13. Bxh7 Rg7 14. Qc2 Nb4 15. Qb1 Kf7
16. Be4 Nc6 17. d5 Nxe5 18. dxe6+ dxe6 19. Bxb7 Qxd2 20. Bxa8 Nf3+ 21. Bxf3
gxf3 22. Ne4 Rxg2+ 23. Kh1 Qd8 24. Qd1 Ng3+ 25. hxg3 fxg3 26. Qxf3+ 1-0

[Event "11. Volme-Open 2017 (D)"]
[Site "?"]
[Date "2017.09.01"]
[Round "1"]
[White "Sönnecken, Stefan"]
[Black "Rieger, Mario"]
[Result "1/2-1/2"]
[WhiteElo "1657"]
[BlackElo "1718"]
[PlyCount "25"]
[SourceDate "2017.09.01"]

1. d4 d5 2. c4 e6 3. cxd5 exd5 4. Nc3 c6 5. Nf3 Nf6 6. Bg5 Be7 7. e3 h6 8. Bxf6
Bxf6 9. h3 Bf5 10. Bd3 Bxd3 11. Qxd3 O-O 12. Rc1 Nd7 13. O-O 1/2-1/2

[Event "11. Volme-Open 2017 (D)"]
[Site "?"]
[Date "2017.09.01"]
[Round "1"]
[White "Deinert, Wolfgang"]
[Black "Brik, Maxim"]
[Result "1-0"]
[WhiteElo "1630"]
[BlackElo "1731"]
[PlyCount "75"]
[SourceDate "2017.09.01"]

1. e4 e6 2. d4 d5 3. Nc3 Bb4 4. e5 c5 5. a3 Bxc3+ 6. bxc3 Ne7 7. Qg4 Qc7 8.
Qxg7 Rg8 9. Qxh7 cxd4 10. Ne2 Nbc6 11. f4 Bd7 12. Qd3 dxc3 13. Rb1 Rc8 14. Qxc3
Nf5 15. Bd2 a6 16. h4 d4 17. Qd3 Na5 18. Rh3 Rg4 19. Nxd4 Nxh4 20. Qh7 Nc6 21.
Qh8+ Ke7 22. Nxc6+ Bxc6 23. Qf6+ Kd7 24. Qxf7+ Kd8 25. Qf6+ Qe7 26. Qh8+ Kc7
27. Ba5+ Kb8 28. Qf6 Qxf6 29. exf6 Nxg2+ 30. Bxg2 Rxg2 31. Rbb3 Rg1+ 32. Kd2
Rg2+ 33. Kc1 Rg1+ 34. Kb2 Rf1 35. Bc3 Bd5 36. Be5+ Ka8 37. Rbc3 Rf8 38. Rh7 1-0

[Event "11. Volme-Open 2017 (E)"]
[Site "?"]
[Date "2017.09.01"]
[Round "1"]
[White "Hermaneck , Ingrid"]
[Black "Baran, Peter "]
[Result "1/2-1/2"]
[WhiteElo "1537"]
[BlackElo "1620"]
[PlyCount "40"]
[SourceDate "2017.09.01"]

1. c4 e5 2. Nc3 Nf6 3. g3 d5 4. cxd5 Nxd5 5. Bg2 Nb6 6. e3 Nc6 7. Nge2 Bc5 8.
a3 a5 9. Na4 Nxa4 10. Qxa4 Bd7 11. Qc4 Bb6 12. O-O O-O 13. d4 exd4 14. Nxd4
Nxd4 15. exd4 c6 16. d5 cxd5 17. Qxd5 Bc6 18. Qxd8 Raxd8 19. Bxc6 bxc6 20. b4
axb4 1/2-1/2

[Event "11. Volme-Open 2017 (E)"]
[Site "?"]
[Date "2017.09.01"]
[Round "1"]
[White "Chamera, Maxim"]
[Black "Baran, Daniel"]
[Result "1-0"]
[WhiteElo "1541"]
[BlackElo "1617"]
[PlyCount "57"]
[EventDate "2017.09.01"]
[SourceDate "2017.09.01"]

1. Nf3 Nf6 2. d4 d5 3. c4 e6 4. Nc3 Be7 5. Bf4 O-O 6. e3 b6 7. cxd5 Nxd5 8.
Nxd5 exd5 9. Bd3 Bb7 10. Rc1 c5 11. dxc5 bxc5 12. O-O Nc6 13. Ne5 Nb4 14. Bb1
d4 15. a3 Nd5 16. Be4 Nxe3 17. Bxh7+ Kxh7 18. Qh5+ Kg8 19. fxe3 dxe3 20. Bxe3
Qd5 21. Rc2 Qe4 22. Nxf7 Qxe3+ 23. Rcf2 Bf6 24. Nh6+ gxh6 25. Qg6+ Kh8 26.
Qxh6+ Kg8 27. Qxe3 Bd4 28. Qg3+ Kh8 29. Kh1 1-0

[Event "11. Volme-Open 2017 (E)"]
[Site "?"]
[Date "2017.09.01"]
[Round "1"]
[White "Horstmann, Josef"]
[Black "Meinschien, Finn"]
[Result "0-1"]
[WhiteElo "1606"]
[BlackElo "1594"]
[PlyCount "103"]
[SourceDate "2017.09.01"]

1. e4 c5 2. Nc3 Nc6 3. g3 g6 4. Bg2 Bg7 5. Nge2 Nf6 6. d3 O-O 7. Be3 d6 8. h3
Bd7 9. Qd2 Rb8 10. f4 b5 11. Rb1 b4 12. Nd1 Qc7 13. O-O a5 14. c3 a4 15. d4
bxc3 16. Ndxc3 cxd4 17. Nxd4 Nxd4 18. Bxd4 Rb4 19. Bxf6 Bxf6 20. Kh2 Bxc3 21.
bxc3 Rc4 22. Rfc1 Rc8 23. f5 Rxc3 24. Rxc3 Qxc3 25. Qd5 Qc2 26. Rd1 Bc6 27. Qd4
Bxe4 28. Rd2 Bxg2 29. Rxc2 Rxc2 30. Kg1 Bxh3 31. Qxa4 Bxf5 32. g4 Rc1+ 33. Kf2
Be6 34. Qe8+ Kg7 35. a4 Ra1 36. g5 Ra2+ 37. Kg3 Ra3+ 38. Kf2 Ra2+ 39. Ke3 Ra3+
40. Kd4 Rh3 41. a5 Ra3 42. Qxe7 Ra1 43. Qf6+ Kg8 44. Qd8+ Kg7 45. Qf6+ Kg8 46.
Qd8+ Kg7 47. Ke3 Ra3+ 48. Kd2 Ra2+ 49. Kc3 d5 50. Kb4 Ra1 51. Qf6+ Kg8 52. Kb5
{In der Zeitnot wurden einige ZÃ1/4ge nicht notiert, Partie nicht
rekonstruierbar.} 0-1

[Event "11. Volme-Open 2017 (F)"]
[Site "?"]
[Date "2017.09.01"]
[Round "1"]
[White "Yangibayev, Rustam"]
[Black "Krause, Arnim"]
[Result "0-1"]
[WhiteElo "1472"]
[BlackElo "1498"]
[PlyCount "71"]
[SourceDate "2017.09.01"]

1. d4 d5 2. Nf3 Nf6 3. Bg5 Nc6 4. e3 h6 5. Bh4 g5 6. Bg3 Ne4 7. Nbd2 Nxg3 8.
hxg3 Bg7 9. Nb3 O-O 10. Bb5 Bd7 11. c3 a6 12. Bd3 a5 13. Qc2 e6 14. a3 g4 15.
Nfd2 a4 16. Nc1 Ne7 17. Ne2 c5 18. Nf4 cxd4 19. cxd4 Rc8 20. Qd1 f5 21. Nh5 Kf7
22. f3 gxf3 23. Qxf3 Ng6 24. g4 Qg5 25. gxf5 exf5 26. Qxd5+ Be6 27. Qxb7+ Ne7
28. Qf3 Bd5 29. Be4 Rce8 30. Nxg7 Kxg7 31. Bxd5 Nxd5 32. Kd1 Nxe3+ 33. Kc1 Nc4
34. Qf2 Re3 35. Kc2 Nxb2 36. Kxb2 {nicht rekonstruierbar, Schwarz gewann im 43.
Zug} 0-1

[Event "11. Volme-Open 2017 (F)"]
[Site "?"]
[Date "2017.09.01"]
[Round "1"]
[White "Reininghaus, Ralf"]
[Black "Skapski, Miroslav"]
[Result "0-1"]
[WhiteElo "1476"]
[BlackElo "1495"]
[PlyCount "32"]
[SourceDate "2017.09.01"]

1. f4 e5 2. fxe5 d6 3. exd6 Bxd6 4. Nf3 Bg4 5. d4 Bxf3 6. exf3 Qh4+ 7. Ke2 Nc6
8. Be3 Nge7 9. Nc3 a6 10. Ne4 Nf5 11. Nxd6+ Nxd6 12. g3 Qe7 13. Kf2 O-O 14. Qd2
Rad8 15. Re1 Qf6 16. c3 Ne4+ 0-1

[Event "11. Volme-Open 2017 (F)"]
[Site "?"]
[Date "2017.09.01"]
[Round "1"]
[White "Stoltmann, Till Roman"]
[Black "Meinschien, Nick"]
[Result "0-1"]
[WhiteElo "1420"]
[BlackElo "1535"]
[PlyCount "38"]
[SourceDate "2017.09.01"]

1. d4 Nf6 2. Bg5 g6 3. c4 Bg7 4. Nc3 d6 5. e4 O-O 6. Nf3 c5 7. d5 Qb6 8. Rb1
Rd8 9. Bd3 Nbd7 10. O-O Ng4 11. Qd2 Nde5 12. Nxe5 Nxe5 13. Be2 a6 14. f4 Nd7
15. Qe3 Bd4 16. Qxd4 cxd4 17. Na4 Qa5 18. b3 b5 19. Nb2 Qb6 0-1

[Event "11. Volme-Open 2017 (G)"]
[Site "?"]
[Date "2017.09.01"]
[Round "1"]
[White "Becker, Linda"]
[Black "Vishanji, Denis"]
[Result "1/2-1/2"]
[WhiteElo "1205"]
[BlackElo "1389"]
[PlyCount "109"]
[SourceDate "2017.09.01"]

1. e4 e6 2. d4 d5 3. exd5 exd5 4. Nc3 Nf6 5. h3 Nc6 6. Bg5 Be7 7. Nf3 O-O 8.
Bb5 h6 9. Be3 Bd7 10. O-O Bd6 11. Qd2 Re8 12. Rfe1 Ne4 13. Qe2 Nxc3 14. bxc3
Qf6 15. Bd3 Bf4 16. Qd2 Bxe3 17. Rxe3 Rxe3 18. Qxe3 Re8 19. Ne5 Nxe5 20. dxe5
Qxe5 21. Qxa7 Qxc3 22. Rb1 Re1+ 23. Rxe1 Qxe1+ 24. Kh2 Qe5+ 25. g3 Bc6 26. Qb8+
Qe8 27. Qxc7 Qd7 28. Qxd7 Bxd7 29. Kg2 Kf8 30. g4 Ke7 31. Kf3 Kd6 32. Kf4 g5+
33. Ke3 Kc5 34. c3 Be6 35. f4 gxf4+ 36. Kxf4 d4 37. cxd4+ Kxd4 38. Be4 b5 39.
a3 Bd7 40. Bf5 Bxf5 41. Kxf5 Kc4 42. g5 hxg5 43. Kxg5 Kb3 44. h4 Kxa3 45. h5 b4
46. h6 b3 47. h7 b2 48. h8=Q b1=Q 49. Qa8+ Kb2 50. Qb7+ Kc2 51. Qc6+ Kd2 52.
Qd5+ Qd3 53. Qxd3+ Kxd3 54. Kf6 Kd4 55. Kxf7 1/2-1/2

[Event "11. Volme-Open 2017 (G)"]
[Site "?"]
[Date "2017.09.01"]
[Round "1"]
[White "Laufer, Maximilian"]
[Black "Krause, Philipp"]
[Result "1-0"]
[WhiteElo "1364"]
[BlackElo "1301"]
[PlyCount "21"]
[SourceDate "2017.09.01"]

1. e4 e6 2. d4 d5 3. Nc3 Bd7 4. Bf4 Nc6 5. exd5 exd5 6. Nxd5 Bf5 7. Nxc7+ Ke7
8. Qe2+ Kd7 9. Nxa8 Nxd4 10. Rd1 Kc8 11. Qc4+ 1-0

[Event "11. Volme-Open 2017 (G)"]
[Site "?"]
[Date "2017.09.01"]
[Round "1"]
[White "Becker, Lukas"]
[Black "Radczewill, Horst"]
[Result "0-1"]
[WhiteElo "1384"]
[BlackElo "1282"]
[PlyCount "70"]
[SourceDate "2017.09.01"]

1. e4 c6 2. Nf3 Nf6 3. e5 Nd5 4. c4 Nc7 5. Be2 d6 6. d3 dxe5 7. Nxe5 g6 8. Nc3
Bg7 9. Bf4 Ne6 10. Bg3 Qa5 11. d4 Nd7 12. Nf3 O-O 13. O-O Nf6 14. h3 Rd8 15.
Be5 Nxd4 16. Nxd4 Qxe5 17. Nf3 Qc7 18. Qb3 Bd7 19. Rfd1 Be8 20. c5 Nd7 21. Qc4
Nf8 22. Rab1 Ne6 23. b4 Nf4 24. Rxd8 Rxd8 25. Re1 h6 26. g3 Nxh3+ 27. Kf1 Ng5
28. Nh4 Rd4 29. Qb3 Qd7 30. Nxg6 Kh7 31. Nf4 e5 32. Ng2 Qh3 33. Kg1 f5 34. Qb1
Bg6 35. Rd1 f4 0-1

[Event "11. Volme-Open 2017 (H)"]
[Site "?"]
[Date "2017.09.01"]
[Round "1"]
[White "Pektopalyan, David"]
[Black "Meinschien, Jens"]
[Result "0-1"]
[WhiteElo "1052"]
[BlackElo "1151"]
[PlyCount "124"]
[EventDate "2017.09.01"]
[SourceDate "2017.09.01"]

1. e4 c5 2. Nf3 Nc6 3. Nc3 g6 4. Bc4 Bg7 5. O-O Nf6 6. d3 O-O 7. Bf4 d6 8. Bg5
a6 9. d4 b5 10. Bxf6 Bxf6 11. Bd5 Qb6 12. Bxc6 Qxc6 13. Nd5 Ra7 14. Nxf6+ exf6
15. e5 Bg4 16. d5 Qb6 17. exf6 Qd8 18. h3 Bc8 19. Qd2 Qxf6 20. c3 Re7 21. Qh6
Qg7 22. Qxg7+ Kxg7 23. Rfe1 Rfe8 24. Rac1 Bb7 25. Rxe7 Rxe7 26. Rd1 Re2 27. b4
c4 28. Rd2 Rxd2 29. Nxd2 Bxd5 30. f4 f5 31. Kf2 h5 32. g4 hxg4 33. hxg4 fxg4
34. Kg3 Bf3 35. Nxf3 gxf3 36. Kxf3 Kf6 37. Kg4 d5 38. Kf3 Kf5 39. a3 d4 40.
cxd4 c3 41. Ke2 c2 42. Kd2 c1=Q+ 43. Kxc1 Ke4 44. Kd2 Kxd4 45. Ke2 Ke4 46. Kf2
Kxf4 47. Kg2 g5 48. Kf2 g4 49. Kg2 g3 50. Kg1 Kf3 51. Kf1 g2+ 52. Kg1 Ke3 53.
Kxg2 Kd3 54. Kf2 Kc3 55. Ke2 Kb3 56. Kd3 Kxa3 57. Kc3 Ka4 58. Kc2 Kxb4 59. Kb2
a5 60. Ka2 Kc3 61. Ka1 b4 62. Ka2 a4 0-1

[Event "11. Volme-Open 2017 (H)"]
[Site "?"]
[Date "2017.09.01"]
[Round "1"]
[White "Nhan, Jinhon Raymon"]
[Black "Bober, Tim"]
[Result "1-0"]
[WhiteElo "1135"]
[BlackElo "1061"]
[PlyCount "89"]
[SourceDate "2017.09.01"]

1. e4 e5 2. Nf3 Nc6 3. Bb5 d5 4. exd5 Qxd5 5. Nc3 Qd6 6. d4 f6 7. d5 Bd7 8.
dxc6 Bxc6 9. Bxc6+ Qxc6 10. O-O Bd6 11. Be3 O-O-O 12. Bxa7 Bc5 13. Bxc5 Rxd1
14. Raxd1 Qxc5 15. h3 Ne7 16. Rc1 Rd8 17. Rfe1 Nd5 18. Ne4 Qb6 19. b3 f5 20.
Ng3 e4 21. Ne5 e3 22. Re2 Re8 23. Nc4 Qe6 24. fxe3 b5 25. Nd2 Qg6 26. Ngf1 f4
27. e4 Nc3 28. Rf2 Nxe4 29. Nxe4 Rxe4 30. Nd2 Rd4 31. Nf3 Re4 32. Rd1 Re3 33.
a4 bxa4 34. bxa4 Qf6 35. a5 Kb7 36. c4 Ka6 37. c5 Kxa5 38. Rc1 g5 39. c6 h5 40.
Rb2 g4 41. hxg4 hxg4 42. Nd2 f3 43. Nc4+ Ka4 44. Ra2+ Ra3 45. Rxa3+ 1-0

[Event "11. Volme-Open 2017 (H)"]
[Site "?"]
[Date "2017.09.01"]
[Round "1"]
[White "Rahs, Ratho"]
[Black "Kroo, Waldemar"]
[Result "1/2-1/2"]
[WhiteElo "961"]
[BlackElo "1163"]
[PlyCount "37"]
[SourceDate "2017.09.01"]

1. e4 e5 2. Nf3 Nc6 3. Bb5 Nf6 4. O-O Bc5 5. h3 O-O 6. Re1 a6 7. Bxc6 dxc6 8.
c3 Re8 9. d4 Bb6 10. Bg5 h6 11. Bxf6 Qxf6 12. Nxe5 Rxe5 13. dxe5 Qxf2+ 14. Kh1
Qg3 15. Re2 Be6 16. Nd2 Qxe5 17. Nf3 Qg3 18. b3 Bxh3 19. gxh3 1/2-1/2